LEADER 02534oam 2200733uu 450 001 9910130894803321 005 20170810200537.0 010 $a1-118-66568-6 035 $a(CKB)3450000000004537 035 1 $aMAHL84B1326 035 $a(MH)001106228-2 035 $a(SSID)ssj0000726711 035 $a(PQKBManifestationID)11435178 035 $a(PQKBTitleCode)TC0000726711 035 $a(PQKBWorkID)10683223 035 $a(PQKB)10678410 035 $a(PPN)190253053 035 $a(EXLCZ)993450000000004537 100 $a19830513d1983 uy 0 101 0 $aeng 181 $ctxt 182 $cc 183 $acr 200 14$aThe scientist and engineer in court /$fMichael D. Bradley$b[electronic resource] 210 0 $aWashington, D.C. $cAmerican Geophysical Union$d1983 215 $a1 online resource (iv, 111 p. ) 225 1 $aWater resources monograph series ;$v8 300 $aBibliographic Level Mode of Issuance: Monograph 311 $a0-87590-309-6 320 $aBibliography: p. 106-111. 410 0$aWater resources monograph ;$v8. 606 $aCivil procedure$zUnited States 606 $aEvidence, Expert$zUnited States 606 $aForensic scientists$zUnited States 606 $aForensic engineering$zUnited States 606 $aEvidence, Expert$zUnited States 606 $aCivil procedure$zUnited States 606 $aForensic engineering$zUnited States 606 $aForensic scientists$zUnited States 606 $aLaw - U.S$2HILCC 606 $aLaw, Politics & Government$2HILCC 606 $aLaw - U.S. - General$2HILCC 608 $aElectronic books 615 0$aCivil procedure 615 0$aEvidence, Expert 615 0$aForensic scientists 615 0$aForensic engineering 615 0$aEvidence, Expert 615 0$aCivil procedure 615 0$aForensic engineering 615 0$aForensic scientists 615 7$aLaw - U.S. 615 7$aLaw, Politics & Government 615 7$aLaw - U.S. - General 676 $a347.73/64 676 $a347.30764 700 $aBradley$b Michael D.$f1938-$0963236 801 0$bDLC 801 1$bDLC 906 $aBOOK 912 $a9910130894803321 996 $aThe scientist and engineer in court$92184001 997 $aUNINA 999 $aThis Record contains information from the Harvard Library Bibliographic Dataset, which is provided by the Harvard Library under its Bibliographic Dataset Use Terms and includes data made available by, among others the Library of Congress LEADER 05482nam 2200853Ia 450 001 9910782779503321 005 20230605151356.0 010 $a1-282-19446-1 010 $a9786612194467 010 $a3-11-019853-3 024 7 $a10.1515/9783110198539 035 $a(CKB)1000000000691482 035 $a(EBL)364685 035 $a(OCoLC)476197113 035 $a(SSID)ssj0000167763 035 $a(PQKBManifestationID)11169569 035 $a(PQKBTitleCode)TC0000167763 035 $a(PQKBWorkID)10177466 035 $a(PQKB)10181344 035 $a(MiAaPQ)EBC364685 035 $a(DE-B1597)34382 035 $a(OCoLC)1002222320 035 $a(OCoLC)1004872072 035 $a(OCoLC)1011438900 035 $a(OCoLC)1029823189 035 $a(OCoLC)502294548 035 $a(OCoLC)979635898 035 $a(OCoLC)987927189 035 $a(OCoLC)992454249 035 $a(OCoLC)999354719 035 $a(DE-B1597)9783110198539 035 $a(Au-PeEL)EBL364685 035 $a(CaPaEBR)ebr10256530 035 $a(CaONFJC)MIL219446 035 $a(EXLCZ)991000000000691482 100 $a20070511d2007 uy 0 101 0 $aeng 135 $aur|n|---||||| 181 $ctxt 182 $cc 183 $acr 200 00$aHandbook of language and communication$b[electronic resource] $ediversity and change /$fedited by Marlis Hellinger and Anne Pauwels 210 $aBerlin ;$aNew York $cMouton de Gruyter$dc2007 215 $a1 online resource (806 p.) 225 1 $aHandbooks of applied linguistics ;$v9 300 $aDescription based upon print version of record. 311 $a3-11-021423-7 311 $a3-11-018217-3 320 $aIncludes bibliographical references and indexes. 327 $tFrontmatter --$tContents --$tLanguage and communication: Diversity and change - An introduction --$tI. Language minorities and inequality --$t1. Regional and immigrant minority languages in Europe --$t2. Immigrant language minorities in the United States --$t3. Immigrant minorities: Australia --$t4. Linguistic diversity: Africa --$t5. Linguistic diversity: Asia --$t6. Language contact, culture and ecology --$tII. Language planning and language change --$t7. Models and approaches in language policy and planning --$t8. Back from the brink: The revival of endangered languages --$t9. Economics and language policy --$t10. Language and colonialism --$t11. Linguistic imperialism? English as a global language --$t12. Language planning and language rights --$tIII. Language variation and change in institutional contexts --$t13. Language and education --$t14. Forensic linguistics --$t15. Language and religion --$t16. Language, war, and peace --$t17. Language and science --$t18. Multilingualism on the Internet --$tIV. The discourse of linguistic diversity and language change --$t19. Attitudes to language and communication --$t20. Language, racism, and ethnicity --$t21. Language and sexism --$t22. Linguistic diversity and language standardization --$t23. Borrowing as language conflict --$t24. Political correctness and freedom of speech --$tBackmatter 330 $aIn line with the overall perspective of the Handbook series, the focus of Vol.9 is on language-related problems arising in the context of linguistic diversity and change, and the contributions Applied Linguistics can offer for solutions. Part I, "Language minorities and inequality," presents situations of language contact and linguistic diversity as world-wide phenomena. The focus is on indigenous and immigrant linguistic minorities, their (lack of) access to linguistic rights through language policies and the impact on their linguistic future .Part II "Language planning and language change," focuses on the impact of colonialism, imperialism, globalisation and economics as factors that language policies and planning measures must account for in responding to problems deriving from language contact and linguistic diversity. Part III, "Language variation and change in institutional contexts," examines language-related problems in selected institutional areas of communication (education, the law, religion, science, the Internet) which will often derive from socioeconomic, cultural and other non-linguistic asymmetries. Part IV, "The discourse of linguistic diversity and language change," analyses linguistic diversity, language change and language reform as issues of public debates which are informed by different ideological positions, values and attitudes (e.g. with reference to sexism, racism, and political correctness).The volume also contains extensive reference sections and index material. 410 0$aHandbooks of applied linguistics ;$vv. 9. 606 $aSociolinguistics 606 $aLanguage and languages$xVariation 606 $aLinguistic minorities 606 $aLanguage planning 606 $aLinguistic change 610 $aApplied linguistics, lanuaga planning, language policy. 615 0$aSociolinguistics. 615 0$aLanguage and languages$xVariation. 615 0$aLinguistic minorities. 615 0$aLanguage planning. 615 0$aLinguistic change. 676 $a306.43/2 686 $aES 600$2rvk 701 $aHellinger$b Marlis$0467002 701 $aPauwels$b Anne$0686939 801 0$bMiAaPQ 801 1$bMiAaPQ 801 2$bMiAaPQ 906 $aBOOK 912 $a9910782779503321 996 $aHandbook of language and communication$93727182 997 $aUNINA LEADER 06228oam 2200745I 450 001 9910969388903321 005 20190826145055.0 010 $a9786612457609 010 $a9789004253216 010 $a9004253211 010 $a9781282457607 010 $a1282457608 010 $a9781849506786 010 $a1849506787 024 7 $a10.1163/9789004253216 035 $a(CKB)2550000000003089 035 $a(EBL)4003981 035 $a(SSID)ssj0000415348 035 $a(PQKBManifestationID)11283515 035 $a(PQKBTitleCode)TC0000415348 035 $a(PQKBWorkID)10415915 035 $a(PQKB)11016158 035 $a(MiAaPQ)EBC4003981 035 $a(OCoLC)604978357$z(OCoLC)647846413 035 $a(nllekb)BRILL9789004253216 035 $a(Au-PeEL)EBL4003981 035 $a(CaPaEBR)ebr11096594 035 $a(CaONFJC)MIL245760 035 $a(OCoLC)604978357 035 $a(EXLCZ)992550000000003089 100 $a20100408d2009 uy 0 101 0 $aeng 135 $aur|n|---||||| 181 $ctxt 182 $cc 183 $acr 200 00$aCurrent trends in diachronic semantics and pragmatics /$fedited by Maj-Britt Mosegaard Hansen, Jacqueline Visconti 205 $a1st ed. 210 1$aBingley, UK :$cEmerald,$d2009. 215 $a1 online resource (312 p.) 225 1 $aStudies in pragmatics,$x1750-368X ;$v7 300 $aDescription based upon print version of record. 311 08$a9781849506779 311 08$a1849506779 320 $aIncludes bibliographical references. 327 $tPreliminary Material /$rHansen Maj-Britt Mosegaard and Jacqueline Visconti -- $tCurrent Trends in Diachronic Semantics and Pragmatics /$rMaj-Britt Mosegaard Hansen and Jacqueline Visconti -- $tAPO: Avoid Pragmatic Overload /$rRegine Eckardt -- $tDiachronic Pathways and Pragmatic Strategies: Different Types of Pragmatic Particles from a Diachronic Point of View /$rUlrich Detges and Richard Waltereit -- $tContext Sensitive Changes: The Development of the Affirmative Markers godt ?good? and vel ?well? in Danish /$rEva Skafte Jensen -- $tProcatalepsis and the Etymology of Hedging and Boosting Particles /$rKate Beeching -- $tCentral/Peripheral Functions of allora and ?Overall Pragmatic Configuration?: A Diachronic Perspective /$rCarla Bazzanella and Johanna Miecznikowski -- $tThe Importance of Paradigms in Grammaticalisation: Spanish Digressive Markers por cierto and a propósito /$rMaria Estellés -- $tThe Multiple Origin of es que in Modern Spanish: Diachronic Evidence /$rMagdalena Romera -- $tFrom Aspect/Mood Marker to Discourse Particle: Reconstructing Syntactic and Semantic Change /$rBethwyn Evans -- $tThe Grammaticalization Channels of Evidentials and Modal Particles in German: Integration in Textual Structures as a Common Feature /$rGabriele Diewald , Marijana Kresic and Elena Smirnova -- $tEvidentiality, Epistemicity, and their Diachronic Connections to Non-Factuality /$rMario Squartini -- $tThe Grammaticalization of Negative Reinforcers in Old and Middle French: A Discourse?Functional Approach /$rMaj-Britt Mosegaard Hansen -- $tA Roots Journey of a French Preposition /$rSilvia Adler and Maria Asnes -- $tThe Grammaticalization of Privative Adjectives: The Case of Mere /$rElke Gehweiler -- $tThe Origin of Semantic Change in Discourse Tradition: A Case Study /$rKaterina Stathi. 330 $aThe focus of this volume is on semantic and pragmatic change, its causes and mechanisms. The papers gathered here offer both theoretical proposals of more general scope and in-depth studies of language-specific cases of meaning change in particular notional domains. The analyses include data from English, several Romance languages, German, Scandinavian languages, and Oceanic languages. Detailed case-studies covering central semantic domains, such as concession, evidentiality, intensification, modality, negation, scalarity, subjectivity, and temporality, allow the authors to test and refine current models of semantic change, by focusing, for instance, on the respective roles of speakers and hearers in the process and on the relationship between semantic and syntactic reanalysis. Key theoretical notions, such as presuppositions, paradigms, word order, and discourse status are revisited in a diachronic perspective to provide innovative accounts of causes and motivations for linguistic changes. A prominent theme is the evolution of procedural meanings of various kinds. Thus, several papers feature different types of pragmatic markers as their object of study, while others are concerned with items and constructions expressing modality, evidentiality, negation, and relational meanings. Closely related themes are: the interface between semantics and pragmatics/discourse, with figurative uses of language, rhetorical-argumentational strategies, discourse traditions, information structure, and the importance of dialogic contexts in change playing a salient role in several papers; the relationship between meaning change and processes such as grammaticalization, subjectification and pragmaticalization; and, the thorny issue of the categorization of linguistic items such as discourse markers or modal particles, evidentials or epistemic modals, to which the diachronic data are shown to contribute substantially. The volume will be of interest to graduate students and researchers in the fields of semantics, pragmatics, discourse analysis, grammaticalization, and historical linguistics. 410 0$aStudies in Pragmatics$v7. 606 $aLinguistic change 606 $aSemantics, Historical 606 $aPragmatics 606 $aLANGUAGE ARTS & DISCIPLINES$xLinguistics$xPsycholinguistics$2bisacsh 615 0$aLinguistic change. 615 0$aSemantics, Historical. 615 0$aPragmatics. 615 7$aLANGUAGE ARTS & DISCIPLINES$xLinguistics$xPsycholinguistics. 676 $a401.9 701 $aMosegaard Hansen$b Maj-Britt$01652973 701 $aVisconti$b Jacqueline$f1966-$01787744 801 0$bNL-LeKB 801 1$bNL-LeKB 906 $aBOOK 912 $a9910969388903321 996 $aCurrent trends in diachronic semantics and pragmatics$94321575 997 $aUNINA